Svobodnyje ekonomičeskije zony: ot ejforii k produktivnoj rabote.

Slobodné ekonomické zóny sú perspektívnym smerom rozvoja ekonomiky jednotlivých území a oblastí orientovaných hlavne na rozvoj výrobného potenciálu a služieb schopných efektívne exportovať svoju produkciu. Predpokladá sa, že do r. 2000 bude cez slobodné zóny prechádzať 30 perc. svetového tovarového...

Descrizione completa

Salvato in:
Dettagli Bibliografici
Autore principale: Vasil'jev, L.
Natura: Capitolo di libro
Lingua:russo
Soggetti:
Tags: Aggiungi Tag
Nessun Tag, puoi essere il primo ad aggiungerne!!

MARC

LEADER 00000naa a2200000 4500
001 r011651
005 20221208123140.9
041 0 |a rus 
044 |a [SU] 
245 1 0 |a Svobodnyje ekonomičeskije zony: ot ejforii k produktivnoj rabote.  |c L. Vasil'jev 
520 |a Slobodné ekonomické zóny sú perspektívnym smerom rozvoja ekonomiky jednotlivých území a oblastí orientovaných hlavne na rozvoj výrobného potenciálu a služieb schopných efektívne exportovať svoju produkciu. Predpokladá sa, že do r. 2000 bude cez slobodné zóny prechádzať 30 perc. svetového tovarového obratu. Transnacionálne korporácie považujú SEZ za generálnu líniu rozvoja svojich výrob. Údaje o SEZ vo vyspelých i rozvojových krajinách. Podmienky pre vytváranie SEZ v RF. 
610 2 0 |a oblasti obchodu voľného 
610 2 0 |a svet 
610 2 0 |a krajiny rozvojové 
610 2 0 |a Rusko 
610 2 0 |a 2000 
610 2 0 |a parky vedeckotechnické 
100 1 |a Vasil'jev, L.